• 首页
  • 本馆介绍
  • 公告通知
  • 最新文献
  • 馆藏检索
  • 电子资源
  • 读者导购
  • 参考咨询
  • 我的图书馆
  • 登录
  • 详细信息显示
  • 放入我的书架
  • 预约/预借图书
  • 作者相关作品
  • 分类相关作品
  • 丛书相关作品
  • 出版社相关作品

书目信息

  • 表格格式
  • 工作单格式
  • 卡片格式
题名:
民法:体系解说与案例剖析
    
 
作者: 李永军 主编
分册:  
出版信息: 北京   对外经济贸易大学出版社  2013
页数: 454页
开本: 26cm
丛书名: 高校法学课程要点辅导及题解丛书
单 册:
中图分类: D923.04
科图分类:
主题词: 民法--中国--高等学校--教学参考资料 , 民法
电子资源:
ISBN: 978-7-5663-0615-9
000 00946nam0 22002651 450
001 523
005 20140908083301.21
010    @a978-7-5663-0615-9@dCNY59.00
100    @a20130620d2013 em y0chiy50 ea
101 0  @achi
102    @aCN@b110000
105    @ay z 000yy
106    @ar
200 1  @a民法:体系解说与案例剖析@AMin Fa Ti Xi Jie Shuo Yu An Li Pou Xi@f李永军主编@FLi Yong Jun Zhu Bian
210    @a北京@c对外经济贸易大学出版社@d2013
215    @a454页@d26cm
225 2  @a高校法学课程要点辅导及题解丛书
330    @a本书吸收了2003年以来的大部分民法司法考试真题,并对个别案例进行了解析,同时附有部分模拟题,在内容上,采用四编制,即总论、物权、债权、继承。
461  0 @12001 @a高校法学课程要点辅导及题解丛书
606 0  @a民法@y中国@x高等学校@j教学参考资料
606 0  @a民法
690    @aD923.04@v5
701  0 @a李永军@ALi Yong Jun@f(1964~)@4主编
801  0 @aCN@bTANGWEI@c20140603
905    @b0836511-13@dD923.04@e1178@f3
    
    民法:体系解说与案例剖析/李永军主编.-北京:对外经济贸易大学出版社,2013
    454页;26cm.-(高校法学课程要点辅导及题解丛书)
    
    
    ISBN 978-7-5663-0615-9:CNY59.00
    本书吸收了2003年以来的大部分民法司法考试真题,并对个别案例进行了解析,同时附有部分模拟题,在内容上,采用四编制,即总论、物权、债权、继承。
●
相关链接 在E读中查询图书 在五车中查询图书 在当当中查询图书 在豆瓣中查询图书


正题名:民法:体系解说与案例剖析     索取号:D923.04/1178         预约/预借

序号 登录号 条形码 馆藏地/架位号 状态 备注
1 0836511   208365115   第一样本阅览室/ [索取号:D923.04/1178] 在馆    
2 0836512   208365124   密集书库-史法系/ [索取号:D923.04/1178] 在馆    
3 0836513   208365133   第一借阅区/ [索取号:D923.04/1178] 在馆    
唐山师范学院图书馆 欢迎您!
大连网信软件有限公司© 版权所有